000
00344nam a2200157Ia 4500
003
OSt
005
20231209105708.0
008
170524s9999 xx 000 0 und d
020
_a
9780195105397
040
_c
IIMT UNIVERSITY
100
_a
Behforooz
245
0
_a
Software Engineering
260
_b
Oxford
260
_c
2003
942
_2
ddc
_c
02
999
_c
5395
_d
5395